00611 2200229 4500001002100000005001700021008004100038020001600079035002400095041001200119082001300131090002000144100001400164245005600178250001100234260003600245300002700281650002300308850001200331990001900343990001900362YOGYA-0209000005108520090227032636.0 ind  a979-408-058 0010-020900000051085 aYOPDYOG a808.8387 a808.8387bMay W aMay, Karl aPengembaraan Dr. Karl Maybwinneton gugurcKarl May aCet. 6 aJakartabPradnya Paramitac1990 a...jil. 2bilusc21 cm aCerita petualangan aYOPDYOG a108010-P/98b1 a108005-P/98b1